000 00940nam a2200265Ia 4500
003 OSt
005 20220923211244.0
006 a|||||r|||| 00| 0
007 ta
008 Pun
020 _a9788177701821 (hbk)
_c300
024 _a328,556
037 _b1014, 25/01/2018, H.K. Prakashan
_cTextual
040 _aARTS
_cARTS
_bPun
041 _2Pun
_aPun
082 _aO153,3:g, Q6
100 _aਖਾਹਰਾ, ਸੁਖਦੇਵ, ਂਚ.
_9156349
245 0 _aਪੰਜਾਬੀ ਨਾਵਲ ਵਿਚ ਸਾਂਕ੍ਰਿਤਕ ਚੇਤਨਾ
260 _aਅਮ੍ਰਿਤਸਰ
_b ਪੰਜਾਬੀ ਅਧਿਐਨ ਮਕੂਲ
_c2016
300 _a205ਪ0
_ccm.
650 _a ਪੰਜਾਬੀ ਕਹਾਣੀ
650 _aਪੰਜਾਬੀ ਸਾਹਿਤ
942 _hO153,3:g, Q6
_cTEXL
_2CC
999 _c297766
_d297766